000 00538nam a2200217Ia 4500
003 OSt
005 20220918230428.0
006 a|||||r|||| 00| 0
007 ta
008 220917b |||||||| |||| 00| 0 eng d
024 _a252,535
037 _cTextual
040 _aARTS
_cARTS
_beng
041 _2eng
_aeng
082 _aT:8.212t, L8
245 0 _aEducational administration in Kerala
_b A survey report
260 _c1978
650 _aEDUCATION
942 _hT:8.212t, L8
_cTEXL
_2CC
999 _c287903
_d287903